THE 7 HABITS OF HIGHLY EFFECTIVE PEOPLE / (Record no. 616833)

000 -LEADER
fixed length control field 00360nam a22001337a 4500
020 ## - INTERNATIONAL STANDARD BOOK NUMBER
Qualifying information PB.
040 ## - CATALOGING SOURCE
Transcribing agency FIZZA ISHAQ
082 ## - DEWEY DECIMAL CLASSIFICATION NUMBER
Classification number 158
Author Mark STE
100 ## - MAIN ENTRY--PERSONAL NAME
Personal name COVEY,R.STEPHEN.
9 (RLIN) 133852
245 ## - TITLE STATEMENT
Title THE 7 HABITS OF HIGHLY EFFECTIVE PEOPLE /
Statement of responsibility, etc. STEPHEN R.COVEY.
260 ## - PUBLICATION, DISTRIBUTION, ETC.
Place of publication, distribution, etc. NEW YORK ;
Name of publisher, distributor, etc. SIMON & SCHUSTER,
Date of publication, distribution, etc. 1989.
300 ## - PHYSICAL DESCRIPTION
Extent 358 P. ;
Dimensions 8.8X5.6IN
942 ## - ADDED ENTRY ELEMENTS (KOHA)
Source of classification or shelving scheme
Koha item type Book
Holdings
Withdrawn status Lost status Source of classification or shelving scheme Damaged status Not for loan Permanent Location Current Location Shelving location Date acquired Total Checkouts Full call number Barcode Date last seen Price effective from Koha item type
          NUST Baluchistan Campus (NBC) NUST Baluchistan Campus (NBC) General Stacks 04/03/2026   158 STE QD-531 04/03/2026 04/03/2026 Book
© 2023 Central Library, National University of Sciences and Technology. All Rights Reserved.